Statistiques concernant Culture Générale - Série 208

Cliquez ici pour prendre le quiz!

Statistiques générales

  • Ce quiz a été pris 245 fois
  • Le résultat moyen est 5 sur 10

Statistiques - réponses

QuestionRéponse% Correct
Quel personnage historique a-t-on surnommé la Pucelle d'Orléans ?Jeanne d'Arc
97%
Quel numéro du Quai des Orfèvres est le titre d'un film d'Olivier Marchal ?36
86%
Quel arbre, typique de l'Afrique tropicale, est l'emblème du Sénégal ?Le baobab
81%
Au rugby, en cours de jeu, quel coup de pied envoie la balle entre les poteaux ?Le drop
61%
Comment est le "promeneur" dont Jean-Jacques Rousseau a écrit "les rêveries" ?Solitaire
53%
De qui Richard Anthony est-il amoureux selon le titre de son tube de 1974 ?Sa femme
48%
Quel chapeau fait partie de la tenue des membres de l'Académie française ?Le bicorne
43%
Quel réalisateur a permis à Philippe Torreton de décrocher un césar pour "Capitaine Conan" ?Bertrand Tavernier
13%
A quel chanteur français doit-on le tube "High" en 1988 ?David Hallyday
12%
En 2007, par quel comédien Yvan Attal est-il manipulé dans "Le Serpent" ?Clovis Cornillac
6%

Distribution des résultats

Percentile par nombre de réponses

% des personnes avec chaque résultat

Votre développement - résultats

Vous n’avez pas pris ce quiz